[Event "Oberliga Sued W 1314"]
[Site "Germany"]
[Date "2014.04.06"]
[Round "9.6"]
[White "Werner, Dimo"]
[Black "Hauck, Heiko"]
[Result "1/2-1/2"]
[WhiteElo "2139"]
[BlackElo "2098"]
[PlyCount "36"]
[EventDate "2013.10.13"]
[EventType "team-tourn"]
[EventRounds "9"]
[EventCountry "GER"]
[SourceTitle "EXT 2015"]
[Source "ChessBase"]
[SourceDate "2014.11.20"]
[SourceVersion "1"]
[SourceVersionDate "2014.11.20"]
[SourceQuality "1"]
[WhiteTeam "Schott Mainz II"]
[BlackTeam "Schwegenheim"]
[WhiteTeamCountry "GER"]
[BlackTeamCountry "GER"]

1. d4 d5 2. Nf3 e6 3. c4 c6 4. e3 Nd7 5. Bd3 Bd6 6. Nc3 Ngf6 7. 0-0 h6 8. e4 dxe4 9. Nxe4 Nxe4 10. Bxe4 0-0 11. b3 e5 12. Bc2 exd4 13. Qxd4 Bc5 14. Qd3 Nf6 15. Bb2 Qxd3 16. Bxd3 Bg4 17. Ne5 Rad8 18. h3 Be6 1/2-1/2

[Event "BL2-Sued 1011"]
[Site "Germany"]
[Date "2011.01.16"]
[Round "5.4"]
[White "Mueller, Ralf1111"]
[Black "Hauck, Heiko"]
[Result "1-0"]
[WhiteElo "2427"]
[BlackElo "2119"]
[PlyCount "59"]
[EventDate "2010.10.10"]
[EventType "team-tourn"]
[EventRounds "9"]
[EventCountry "GER"]
[SourceTitle "EXT 2012"]
[Source "ChessBase"]
[SourceDate "2011.11.24"]
[SourceVersion "1"]
[SourceVersionDate "2011.11.24"]
[SourceQuality "1"]
[WhiteTeam "Boeblingen"]
[BlackTeam "Schwegenheim"]
[WhiteTeamCountry "GER"]
[BlackTeamCountry "GER"]

1. Nf3 d5 2. d4 e6 3. c4 c6 4. e3 Bd6 5. b3 Nd7 6. Bb2 f5 7. Be2 Qf6 8. Qc2 Ne7 9. Nbd2 0-0 10. h4 a5 11. g3 b6 12. c5 Bb8 13. cxb6 Ba6 14. Bxa6 Rxa6 15. b7 Bd6 16. Rc1 Rb8 17. Nb1 Rxb7 18. Nc3 c5 19. dxc5 Bxc5 20. Nxd5 Qf7 21. Nxe7+ Qxe7 22. 0-0 Rc6 23. Rfd1 Rbc7 24. Qd2 Bb4 25. Rxc6 Bxd2 26. Rxc7 Qd8 27. Rc4 Nf6 28. Bxf6 gxf6 29. Rxd2 Qa8 30. Rd7 1-0

[Event "BL2-Sued 1011"]
[Site "Germany"]
[Date "2010.10.10"]
[Round "1.4"]
[White "Hauck, Heiko"]
[Black "Maier, Christian"]
[Result "0-1"]
[WhiteElo "2119"]
[BlackElo "2369"]
[PlyCount "92"]
[EventDate "2010.10.10"]
[EventType "team-tourn"]
[EventRounds "9"]
[EventCountry "GER"]
[SourceTitle "EXT 2012"]
[Source "ChessBase"]
[SourceDate "2011.11.24"]
[SourceVersion "1"]
[SourceVersionDate "2011.11.24"]
[SourceQuality "1"]
[WhiteTeam "Schwegenheim"]
[BlackTeam "Heidelberg Handschuhsheim"]
[WhiteTeamCountry "GER"]
[BlackTeamCountry "GER"]

1. e4 e6 2. d4 d5 3. e5 c5 4. c3 Ne7 5. Bd3 Nec6 6. Ne2 f6 7. Nf4 Qe7 8. Qh5+ Qf7 9. Bg6 hxg6 10. Qxh8 cxd4 11. Qh7 g5 12. Ng6 Nd7 13. Nh8 Qe7 14. Qg6+ Kd8 15. Nf7+ Kc7 16. cxd4 Nxd4 17. Nc3 a6 18. Be3 Nc6 19. Rc1 Kb8 20. exf6 gxf6 21. Bd2 Nde5 22. Nxe5 Nxe5 23. Qc2 Nc6 24. h4 d4 25. Ne4 gxh4 26. Rxh4 e5 27. Qc5 Qd8 28. Qc4 f5 29. Ng5 Be7 30. Nf7 Qc7 31. Kf1 Bxh4 32. Nxe5 Qxe5 33. g3 Bxg3 34. fxg3 Qxg3 35. Qc5 a5 36. Be1 Qf4+ 37. Kg2 Qe4+ 38. Kg1 Qg4+ 39. Kh2 Qe2+ 40. Kg1 f4 41. Qd6+ Ka7 42. Bf2 Qg4+ 43. Kf1 b6 44. Qc7+ Bb7 45. Rxc6 Qd1+ 46. Be1 Qf3+ 0-1

[Event "Pfalz op 2nd"]
[Site "Neustadt an der Weinstrasse"]
[Date "2009.02.15"]
[Round "1"]
[White "Hauck, Heiko"]
[Black "Yemelin, Vasily"]
[Result "0-1"]
[WhiteElo "2132"]
[BlackElo "2578"]
[PlyCount "50"]
[EventDate "2009.02.15"]
[EventType "swiss"]
[EventRounds "9"]
[EventCountry "GER"]
[SourceTitle "CBM 128 Extra"]
[Source "ChessBase"]
[SourceDate "2009.03.05"]
[SourceVersion "2"]
[SourceVersionDate "2009.03.25"]
[SourceQuality "1"]

1. e4 c5 2. Nf3 e6 3. d4 cxd4 4. Nxd4 Nc6 5. Nc3 d6 6. Bc4 Nf6 7. Bb3 Be7 8. 0-0 0-0 9. Kh1 Na5 10. Bg5 h6 11. Bh4 a6 12. f4 b5 13. f5 b4 14. Bxf6 Bxf6 15. Nce2 Nxb3 16. axb3 exf5 17. exf5 Qb6 18. Rf4 Re8 19. Rg4 Ra7 20. Ng3 Rae7 21. Nf3 Bxb2 22. Rb1 Bc3 23. h3 Bb7 24. Nh5 Bxf3 25. Qxf3 Re1+ 0-1